Economic report 2010/2011.
| Corporate Author: | |
|---|---|
| Format: | Book |
| Published: |
Putrajaya:
Ministry of Finance Malaysia,
2010.
|
| Subjects: |
| LEADER | 00465cam a2200157 7i4500 | ||
|---|---|---|---|
| 001 | 0000025459 | ||
| 005 | 20140826090000.0 | ||
| 020 | 0 | 0 | |a 9771394435006 |
| 090 | 0 | 0 | |a M 330.9 |b MIN |
| 110 | 2 | 0 | |a Ministry of Finance Malaysia |
| 245 | 2 | 0 | |a Economic report 2010/2011. |
| 260 | 0 | 0 | |a Putrajaya: |b Ministry of Finance Malaysia, |c 2010. |
| 300 | # | # | |a 147p. |
| 650 | 0 | 0 | |a Economic conditions -- |z Malaysia |
| 651 | 0 | 0 | |a Malaysia |
| 999 | |a 0000028013 |b Book |c Malaysia |e Business Information Centre | ||


